Score 0/25 Timer 06:00
6 Plays Today
% Correct
Gemini
91.1%
Gucci
90.6%
Genii
90.3%
Gandhi
89.1%
Gaddafi
87.5%
Gummi
87%
Gnocchi
86.5%
Graffiti
83.8%
Gobi
80.6%
Geri
80.1%
Giovanni
77.6%
Glitterati
73.6%
Gimli
72.1%
% Correct
Ghirardelli
71.6%
Gronkowski
68.4%
Gotti
65%
Gallipoli
64.7%
Golgi
64%
Gigi
62.5%
Gigli
61.5%
Gujarati
53.5%
Garibaldi
53.4%
Grimaldi
48%
Giannini
35.9%
Grappelli
33.5%

You're not logged in!

Compare scores with friends on all Sporcle quizzes.
OR
Log In

Sporcle TV

Today on Sporcle TV


Watch our educational content, quiz creation guides, and fun videos on Sporcle TV.

Show Comments

Extras

Top Quizzes Today


Score Distribution

Paid Content

Your Account Isn't Verified!

In order to create a playlist on Sporcle, you need to verify the email address you used during registration. Go to your Sporcle Settings to finish the process.

Report this User

Report this user for behavior that violates our Community Guidelines.

Details: